Vznik Organizace spojených národů
Svetová politická situácia pred vznikom Organizácie spojených národov. Rozdielne predstavy o funkciách OSN a samotný vznik OSN.
Guardado en:
| Autor principal: | |
|---|---|
| Formato: | Capítulo de libro |
| Lenguaje: | checo |
| Materias: | |
| Etiquetas: |
Sin Etiquetas, Sea el primero en etiquetar este registro!
|
MARC
| LEADER | 00000naa a2200000 4500 | ||
|---|---|---|---|
| 001 | r046435 | ||
| 005 | 20231004105333.8 | ||
| 041 | 0 | |a cze | |
| 044 | |a CZ | ||
| 245 | 1 | 0 | |a Vznik Organizace spojených národů |c Vladimír Nálevka |
| 520 | |a Svetová politická situácia pred vznikom Organizácie spojených národov. Rozdielne predstavy o funkciách OSN a samotný vznik OSN. | ||
| 610 | 2 | 0 | |a organizácie medzinárodné |
| 610 | 2 | 0 | |a spolupráca medzinárodná |
| 610 | 2 | 0 | |a história |
| 610 | 2 | 0 | |a politika bezpečnostná |
| 610 | 2 | 0 | |a politika hospodárska medzinárodná |
| 610 | 2 | 0 | |a hospodárstvo svetové |
| 610 | 2 | 0 | |a OSN |
| 100 | 1 | |a Nálevka, Vladimír | |